Statistics for Pearl Jam Charting Songs (Billboard Hot Rock)

Click here to take the quiz!

General Stats

  • This quiz has been taken 10 times
    (8 since last reset)
  • The average score is 5 of 13

Answer Stats

AlbumWeeks OnPeakSong% Correct
Gigaton11 Weeks#17Superblood Wolfmoon
100%
Gigaton12 Weeks#3Dance of the Clairvoyants
83%
Lightning Bolt20 Weeks#11Sirens
83%
Backspacer28 Weeks#5Just Breathe
67%
Lightning Bolt12 Weeks#17Mind Your Manners
50%
Backspacer24 Weeks#2The Fixer
50%
Backspacer14 Weeks#23Amongst the Waves
33%
Ten (Reissue)1 Week#48Brother
17%
Gigaton1 Week#45Seven O'Clock
17%
Non-Album Single5 Weeks#28Can't Deny Me
0%
Gigaton1 Week#32Quick Escape
0%
Gigaton1 Week#35Retrogade
0%
Gigaton1 Week#34Who Ever Said
0%

Score Distribution

Percentile by Number Answered

Percent of People with Each Score

Your Score History

You have not taken this quiz since the last reset